| 000 | 00848nam a2200205Ia 4500 | ||
|---|---|---|---|
| 008 | 0000001997 usa 0000000000eng00 | ||
| 090 | _aPSP00 V31e | ||
| 100 | 1 |
_aVicente, Esteban _d1903 |
|
| 245 | 1 | 0 |
_aEsteban Vicente _b: a retro view 1953-1996, paintings & collages |
| 300 |
_a40 p. _c/ 28 cm. |
||
| 500 | _aExposición realizada en Riva Yares Gallery, Santa Fe, Nuevo México, Agosto 30 Septiembre 30, 1996 \ Con el patronazgo del maestro venezolano Jesús Rafael Soto (q.e.p.d.) \ Registro auspiciado por el IDCT. Bogotá | ||
| 600 | 0 | 0 |
_aVICENTE, ESTEBAN, 19032001/ _xTRABAJOS PICTORICOS |
| 650 | 1 | 4 | _aARTE CONTEMPORANEO ESPAÑOL |
| 650 | 1 | 4 | _xCATALOGOS |
| 650 | 1 | 4 | _aCOLLAGE |
| 650 | 1 | 4 | _xEXPOSICIONES |
| 650 | 1 | 4 | _aPINTORES ESPAÑOLES |
| 650 | 1 | 4 | _aPINTURA ESPAÑOLA |
| 999 |
_c3644 _d3644 |
||
| 260 |
_aSanta Fe : Riva Yares Gallery _c1997 |
||